• 首页
  • 本馆介绍
  • 公告通知
  • 最新文献
  • 馆藏检索
  • 电子资源
  • 读者导购
  • 参考咨询
  • 我的图书馆
  • 登录
  • 详细信息显示
  • 放入我的书架
  • 预约/预借图书
  • 作者相关作品
  • 分类相关作品
  • 丛书相关作品
  • 出版社相关作品

书目信息

  • 表格格式
  • 工作单格式
  • 卡片格式
题名:
经济学
    
 
作者: 斯蒂格利茨 著 ;梁小民 , 黄险峰 译
分册: 下册  
出版信息: 北京   中国人民大学出版社  2000
页数: 514~1004页
开本: 26cm
丛书名: 经济科学译丛
单 册:
中图分类: F0
科图分类:
主题词: 政治经济学
电子资源:
ISBN: 7-300-02340-1
000 00800nam2 2200277 45
001 0198015332
005 20050330143509.8
010    @a7-300-02340-1@dCNY48.00
100    @a19980315d2000 kemy0chiy0121 ea
101 1  @achi@ceng
102    @aCN@b110000
105    @ay z 000yy
200 10 @a经济学@Ajing ji xue@h下册@f(美)斯蒂格利茨著@F(Mei)Si Di Ge Li Ci Zhu@g梁小民,黄险峰译
205    @a2版
210    @a北京@c中国人民大学出版社@d2000
215    @a514~1004页@d26cm
225 2  @a经济科学译丛
300    @a美国诺顿出版公司提供独家中文版权
410  0 @120010@a经济科学译丛
606    @a政治经济学
690    @aF0@v4
701  0 @a斯蒂格利茨@4著
702  0 @a梁小民@ALiang Xiao Min@4译
702  0 @a黄险峰@AHuang Xian Feng@4译
801    @aCN@bTSTC@c20021230
905    @dF0@e164:2=2
    
    经济学.下册/(美)斯蒂格利茨著/梁小民,黄险峰译.-2版.-北京:中国人民大学出版社,2000
    514~1004页;26cm.-(经济科学译丛)
    美国诺顿出版公司提供独家中文版权
    
    ISBN 7-300-02340-1:CNY48.00
    
●
相关链接 在E读中查询图书 在五车中查询图书 在当当中查询图书 在豆瓣中查询图书


正题名:经济学     索取号:F0/164:2=2         预约/预借

序号 登录号 条形码 馆藏地/架位号 状态 备注
1 0318430   203184302   第一借阅区/ [索取号:F0/164:2=2] 在馆    
2 0318431   203184311   第一借阅区/ [索取号:F0/164:2=2] 在馆    
3 0318432   203184320   第一借阅区/ [索取号:F0/164:2=2] 在馆    
4 0318433   203184339   第一借阅区/ [索取号:F0/164:2=2] 已借出,限还日期为2006.11.27
借出人:朱 玲  
 
5 0318434   203184348   第一样本阅览室/ [索取号:F0/164:2=2] 在馆    
唐山师范学院图书馆 欢迎您!
大连网信软件有限公司© 版权所有